00895nam a22002537a 4500999001900000003000400019020001800023082001800041100002100059245006800080260003000148300001400178500002500192546001200217650002500229650003000254650002300284650002800307650002900335650002500364942001200389952012000401952012000521 c195720d195720OSt a9781138205079 a658.2bDRU/MA aDrucker, Peter F aManaging for results:beconomic tasks and risk taking decisions aNew YorkbRoutledgec2011 aix, 224p. aManaging for results aEnglish aFocus on opportunity aProgramme for performance aBusiness realities aMaking the future today aStaffing for performance aIdea of the business 2ddccBK 00102ddc40708GenaKAUCLVbKAUCLVcGENERALd2021-04-05g695.00l0o658.2 DRU/MAp231006r2021-04-05 00:00:00yBK 00102ddc40708GenaKAUCLVbKAUCLVcGENERALd2021-04-05g695.00l0o658.2 DRU/MAp231007r2021-04-05 00:00:00yBK